000 00224nam a22000857a 4500
008 161015b xxu||||| |||| 00| 0 eng d
100 _9861
_aNayer.J.
245 _aMammals: At Your Finger Tips
260 _aNewyork
_bMc.clanahan
_c1993
999 _c3514
_d3514